[Event "Victoria op"]
[Site "Melbourne"]
[Date "2018.06.09"]
[Round "3"]
[White "Ben Harim, Amit"]
[Black "Ryjanova, Julia"]
[Result "1-0"]
[WhiteElo "1907"]
[BlackElo "2337"]
[PlyCount "95"]
[EventDate "2018.06.08"]
[EventType "swiss"]
[EventRounds "7"]
[EventCountry "AUS"]
[SourceTitle "CBM 184 Extra"]
[Source "ChessBase"]
[SourceDate "2018.06.28"]
[SourceVersion "1"]
[SourceVersionDate "2018.06.28"]
[SourceQuality "1"]

1. e4 c6 2. c4 d5 3. cxd5 cxd5 4. exd5 Nf6 5. Nc3 Nxd5 6. Bc4 e6 7. Nf3 Nc6 8. 0-0 Be7 9. d4 0-0 10. Re1 b6 11. Qd3 Bb7 12. Nxd5 exd5 13. Bb3 Nb4 14. Qe3 Bf6 15. Bd2 Nc6 16. Ne5 Rc8 17. Qd3 g6 18. Re2 Nb8 19. Qf3 Ba6 20. Ree1 Bc4 21. Bxc4 dxc4 22. Bc3 Bxe5 23. dxe5 Qe7 24. Qg3 Rfd8 25. e6 f6 26. Qf4 Rf8 27. Rad1 Rc6 28. Re3 Kg7 29. Rde1 b5 30. a3 Na6 31. h4 Nc5 32. Bb4 a5 33. Bxc5 Rxc5 34. Rd1 Rc7 35. h5 g5 36. Qf5 Rc5 37. h6+ Kg8 38. Qg4 f5 39. Qd4 Rc7 40. Re5 Rb7 41. Qd5 Rbb8 42. Rxf5 Rxf5 43. Qxf5 Rf8 44. Qe5 Qa7 45. Qxg5+ Kh8 46. e7 Qxf2+ 47. Kh1 Rg8 48. Qxg8+ 1-0